000 00320nam a2200133Ia 4500
100 _aNational Productivity Council
942 _cBK
654 _aautomobile
245 _aAutomobile Truck Leaf Springs & Mufflers
260 _bNational Productivity Council
_c2001
082 _a658
300 _a56
546 _aENGLISH
999 _c33971
_d33971